| 000 | 00666nam a2200181Ia 4500 | ||
|---|---|---|---|
| 008 | 090630s9999 xx 000 0 und d | ||
| 082 | _b20721 | ||
| 100 | _aवडगबाळकर श्रुती श्री. | ||
| 245 |
_aउध्वस्त. _cवडगबाळकर श्रुती श्री. |
||
| 260 |
_bअक्षय - पुणे. _c2001 |
||
| 300 | _a28 | ||
| 600 | _aवडगबाळकर श्रुती श्री. | ||
| 630 | _aउध्वस्त. | ||
| 655 | _aबालवाङमय. | ||
| 700 | _aवडगबाळकर श्रुती श्री. | ||
| 730 | _aउध्वस्त. | ||
| 942 | _cBOOK | ||
| 999 |
_c272577 _d272577 |
||